LEADER 01600nam0 2200385 i 450 001 VAN00031888 005 20260407114746.378 010 $a978-88-339-5104-1 100 $a20050126d1976 |0itac50 ba 101 $aita 102 $aIT 105 $a|||| ||||| 181 $ai$b e 182 $an 183 $anc 200 1 $aFisica atomica$fMax Born 205 $a2. ed. riveduta e ampliata 210 $aTorino$cBoringhieri$d1976 215 $a571 p.$cill.$d21 cm 300 $aTraduzione di Renzo Cirelli e Adalberto Prat 410 1$1001VAN00031866$12001 $aProgramma di matematica, fisica, elettronica$1210 $aTorino$cBollati Boringhieri$d1970- 500 1$3VAN00079497$aModerne Physik$9344219 606 $a81V45$xAtomic physics [MSC 2020]$3VANC023266$2MF 620 $dTorino$3VANL000001 700 1$aBorn$bMax$3VANV026538$0306662 712 $aBoringhieri $3VANV108699$4650 801 $aIT$bSOL$c20260410$gRICA 856 4 $u/sebina/repository/catalogazione/documenti/ID 31888.pdf$zID 31888.pdf 899 $aBIBLIOTECA DEL DIPARTIMENTO DI INGEGNERIA$1IT-CE0100$2VAN05 899 $aBIBLIOTECA DEL DIPARTIMENTO DI MATEMATICA E FISICA$1IT-CE0120$2VAN08 912 $aVAN00031888 950 $aBIBLIOTECA DEL DIPARTIMENTO DI MATEMATICA E FISICA$d08PREST 81-XX 0509 $e08 2345 I 20060925 950 $aBIBLIOTECA DEL DIPARTIMENTO DI INGEGNERIA$d05PREST A 013 $e05 788 20050126 996 $aModerne Physik$9344219 997 $aUNICAMPANIA